| 000 | 01004nam0a22002651 4500 | ||
|---|---|---|---|
| 001 | rc\107372 | ||
| 005 | 20250620183538.0 | ||
| 010 |
_a5-7442-0489-X _9300 |
||
| 035 | _a(NLR Aleph) 005368838 | ||
| 090 |
_a6978150 _c6978150 |
||
| 100 | _a20021216d1993 |||y0rusy50 ca | ||
| 101 | 0 | _arus | |
| 102 | _aRU | ||
| 105 | _aa ||||||||| | ||
| 200 | 1 |
_aОстракоды Bythocytheridae пограничных отложений девона и карбона Северо-Востока России _fРос. АН. Дальневост. отд-ние. Ин-т биологии моря |
|
| 210 |
_aВладивосток _cДальнаука _d1993 |
||
| 215 |
_a85, [1] с., [11] л. ил. _cил. _d20 |
||
| 320 | _aБиблиогр.: с. 76-78 | ||
| 700 | 1 |
_7ca _8rus _aШорников _bЕ. И. _f1940- _gЕвгений Иванович _9148174 _3RU\NLR\AUTH\770148210 |
|
| 801 | 0 |
_aRU _bNLR _gpsbo |
|
| 801 | 1 |
_aRU _bELAR _2rusmarc |
|
| 852 |
_aNLR _j94-3/3538 |
||
| 942 | _cBOOK | ||
| 980 | _aNB | ||